Dua Lipa Ft Angèle - Fever (All lyrics) - Statistics

General Stats
  • This quiz has been taken 369 times
  • The average score is 245 of 306
Answer Stats
Answer % Correct
a
99%
à
99%
ça
99%
can
99%
I
99%
you
99%
fever,
98%
got
98%
me,
97%
me
97%
my
97%
m'y
97%
ne
96%
when
94%
check?
93%
j'
93%
kiss
93%
neck
93%
so
93%
I've
92%
on
92%
And
91%
baby,
90%
touch
89%
do
88%
Hand
84%
je
83%
no
83%
se
83%
forehead,
82%
Le
82%
La
80%
la
80%
toi
80%
dans
79%
don't
79%
qu'
79%
red
79%
turn
79%
yeux,
78%
in
77%
just
77%
around,
76%
Et
76%
et
76%
it
76%
came
75%
fine
75%
was
75%
les
74%
Before
73%
doing
73%
du
73%
voit
73%
your
73%
Comme
72%
pas
72%
Usually,
72%
usually,
72%
fièvre
71%
mind
70%
down,
69%
down
69%
pense
69%
eyes
68%
feel
68%
mes
68%
oui
68%
temps,
68%
temps
68%
un
68%
c'est
67%
que
67%
sais
67%
Tell
67%
what
67%
vois
66%
looking
65%
médicament,
65%
now
65%
partira
65%
pay
65%
quand
65%
right
65%
Suddenly,
65%
suddenly,
65%
plus
63%
pourtant,
63%
sans
63%
tes
63%
wanna
63%
avec
62%
Car
62%
Mon
62%
suis
62%
voix
62%
coeur
61%
inside
61%
rien
61%
moi,
60%
Peut-être
60%
j'ai
56%
bras
55%
'Cause
55%
feu
55%
souvent,
55%
really
54%
could
53%
perds
52%
serre,
47%
cool
40%
essaye,
23%
No matching quizzes found
Score Distribution
Percent of People with Each Score
Percentile by Number Answered
Your Score History
You have not taken this quiz